Find the Goddess Quiz Stats

 Plays Quiz Updated Jan 8, 2013

Challenge
Share
Tweet
Embed
Score 0/22 Timer 03:00
0 Plays Today
% Correct
Athena
97.5%
Aphrodite
97.3%
Minerva
95.7%
Isis
94%
Juno
90.7%
Freya
90.4%
Bellona
84.5%
Demeter
83.5%
Hecate
79%
Nephthys
77.8%
Nike
76.6%
% Correct
Asherah
71.6%
Eostre
65.4%
Ishtar
62.2%
Morrigan
61.5%
Uzza
60.9%
Sekhmet
58.8%
Juventas
58.3%
Sif
54.4%
Hathor
49.1%
Bast
48.4%
Chicomecoatl
48.1%

You're not logged in!

Compare scores with friends on all Sporcle quizzes.
OR
Log In

You Might Also Like...

Show Comments

Extras

Top Quizzes Today


Score Distribution

Your Account Isn't Verified!

In order to create a playlist on Sporcle, you need to verify the email address you used during registration. Go to your Sporcle Settings to finish the process.

Report this User

Report this user for behavior that violates our Community Guidelines.

Details: